000 00765nam a2200289 a 4500
001 UByD002333
003 AR-LpoUNG
005 20240209152344.0
008 240209s2022||||ag a||||||||||||||||spa d
020 _a9789878450353
040 _aAR-LpoUNG
_bspa
_cAR-LpoUNG
_eaacr
041 _aspa
044 _aag
082 0 _a808.068 3 224puk
100 1 _aMainé, Margarita
245 1 0 _aPuki :
_bun perro sabelotodo
250 _a1ra. ed.
260 _aBuenos Aires :
_bHola Chicos,
_c2022.
300 _a125 p. :
_bil.
505 0 _aSugerido a partir de 10 años (etiqueta VIOLETA)
650 4 _aCUENTOS
650 4 _aLITERATURA
653 _aLITERATURA INFANTIL
700 1 _aEcheverría, Iñaki,
_eil.
905 _a40316
942 _cLIB
_2ddc
999 _c64848
_d64848